Faculty of Law Library — Cairo University

Official Online Catalog

Fault lines of international legitimacy / (Record no. 63231)

MARC details
000 -LEADER
fixed length control field 02641cam a2200409 i 4500
003 - CONTROL NUMBER IDENTIFIER
control field EG-GICUC
005 - DATE AND TIME OF LATEST TRANSACTION
control field 20260217085924.0
008 - FIXED-LENGTH DATA ELEMENTS--GENERAL INFORMATION
fixed length control field 090601s2010 enk frb 001 0 eng d
015 ## - NATIONAL BIBLIOGRAPHY NUMBER
National bibliography number GBA967205
Source bnb
016 7# - NATIONAL BIBLIOGRAPHIC AGENCY CONTROL NUMBER
Record control number 015307596
Source Uk
020 ## - INTERNATIONAL STANDARD BOOK NUMBER
International Standard Book Number 9780521764469
Qualifying information hbk.
020 ## - INTERNATIONAL STANDARD BOOK NUMBER
International Standard Book Number 0521764467
Qualifying information hbk.
040 ## - CATALOGING SOURCE
Original cataloging agency DLC
Transcribing agency DLC
Modifying agency BTCTA
-- YDXCP
-- C#P
-- WLL
-- CDX
-- UCDLL
-- BWK
-- UKM
-- DLC
-- EG-GICUC
Language of cataloging eng
Description conventions rda
050 00 - LIBRARY OF CONGRESS CALL NUMBER
Classification number KZ3410
Item number .F38 2010
082 00 - DEWEY DECIMAL CLASSIFICATION NUMBER
Classification number 341
Edition number 21
092 04 - LOCALLY ASSIGNED DEWEY CALL NUMBER (OCLC)
Edition number 21
099 ## - LOCAL FREE-TEXT CALL NUMBER (OCLC)
Classification number Law 11 2010
245 00 - TITLE STATEMENT
Title Fault lines of international legitimacy /
Statement of responsibility, etc. edited by Hilary Charlesworth, Jean-Marc Coicaud.
264 ## - PRODUCTION, PUBLICATION, DISTRIBUTION, MANUFACTURE, AND COPYRIGHT NOTICE
Place of production, publication, distribution, manufacture Cambridge [U.K.] ;
-- New York, N.Y. :
Name of producer, publisher, distributor, manufacturer Cambridge University Press,
Date of production, publication, distribution, manufacture, or copyright notice 2010.
300 ## - PHYSICAL DESCRIPTION
Extent x, 406 p. ;
Dimensions 24 cm.
Other physical details illustrations,
336 ## - CONTENT TYPE
Content type term text
Source rdacontent
337 ## - MEDIA TYPE
Media type term Computer
Source rdamedia
338 ## - CARRIER TYPE
Carrier type term Online Resource
Source rdacarrier
500 ## - GENERAL NOTE
General note "United Nations University."--T.p.
504 ## - BIBLIOGRAPHY, ETC. NOTE
Bibliography, etc. note Includes bibliographical references and index.
505 00 - FORMATTED CONTENTS NOTE
Formatted contents note Introduction / Jean-Marc Coicaud -- Legitimacy, across borders and over time / Jean-Marc Coicaud -- Deconstructing international legitimacy / Jean-Marc Coicaud -- The evolution of international order and fault lines of international legitimacy / Jean-Marc Coicaud -- Intervention in a "divided world" : axes of legitimacy / Nathaniel Berman -- From Berlin to Bonn to Baghdad : a space for infinite justice / Vasuki Nesiah -- Legal deliberation and argumentation in international decision making / Ian Johnstone -- The UN Security Council, regional arrangements, and peacekeeping operations / Nishkala Suntharalingam -- The Security Council's alliance of gender legitimacy : the symbolic capital of Resolution 1325 / Dianne Otto -- Cosmopolitan militaries and cosmopolitan force / Lorraine Elliott -- Sovereignty, rights, and armed intervention : a dialectical perspective / B.S. Chimni -- Determining how the legitimacy of intervention is discussed : a case study of international territorial administration / Ralph Wilde -- The legitimacy of economic sanctions : an analysis of humanitarian exemptions of sanctions regimes and the right to minimum sustenance / Jun Matsukuma -- Conclusion : the legitimacies of international law / Hilary Charlesworth.
650 #0 - SUBJECT ADDED ENTRY--TOPICAL TERM
Topical term or geographic name entry element International law.
650 #0 - SUBJECT ADDED ENTRY--TOPICAL TERM
Topical term or geographic name entry element Legitimacy of governments.
650 #0 - SUBJECT ADDED ENTRY--TOPICAL TERM
Topical term or geographic name entry element Government liability (International law)
650 #0 - SUBJECT ADDED ENTRY--TOPICAL TERM
Topical term or geographic name entry element Cosmopolitanism.
700 1# - ADDED ENTRY--PERSONAL NAME
Personal name Charlesworth, Hilary.
700 1# - ADDED ENTRY--PERSONAL NAME
Personal name Coicaud, Jean-Marc.
710 2# - ADDED ENTRY--CORPORATE NAME
Corporate name or jurisdiction name as entry element United Nations University.
856 40 - ELECTRONIC LOCATION AND ACCESS
Uniform Resource Identifier <a href="https://fll.law.cu.edu.eg/fulltext/bks/ENGB11-00144.pdf">https://fll.law.cu.edu.eg/fulltext/bks/ENGB11-00144.pdf</a>
905 ## - Cataloger and Reviser Names
Cataloger Name: Hend El khosy
942 ## - ADDED ENTRY ELEMENTS (KOHA)
Source of classification or shelving scheme Dewey Decimal Classification
Koha item type Books
Edition 21
Suppress in OPAC No
Holdings
Withdrawn status Lost status Source of classification or shelving scheme Damaged status Not for loan Collection Home library Current library Date acquired Total checkouts Full call number Barcode Date last seen Copy number Price effective from Koha item type Public note
    Dewey Decimal Classification     القانون الدولي العام جــــامعة القــاهرة مكتبة كلية الحقوق - فـرع الشيخ زايد 17.02.2026   Law2 11 341 FA 2010 1100144 C1 ENGB11-00144 17.02.2026 1 17.02.2026 Books 2289

© All rights reserved — Faculty of Law, Cairo University